Państwa do których latają Polskie Linie Lotnicze LOT - Statystyki

Ogólne statystyki
  • Ten quiz został rozwiązany 50 razy
  • Średni wynik to 39 z 51
Statystyki odpowiedzi
Odpowiedź % Poprawnych
Niemcy
98%
Hiszpania
95%
Turcja
95%
USA
95%
Japonia
93%
Norwegia
93%
Wielka Brytania
93%
Chorwacja
90%
Czechy
90%
Grecja
90%
Szwecja
90%
Włochy
90%
Estonia
88%
Francja
88%
Kanada
88%
Portugalia
88%
Rumunia
88%
Słowacja
86%
Litwa
83%
Łotwa
83%
Zjednoczone Emiraty Arabskie
83%
Austria
81%
Bułgaria
81%
Holandia
81%
Węgry
81%
Belgia
79%
Egipt
79%
Korea Południowa
79%
Słowenia
79%
Albania
76%
Szwajcaria
76%
Bośnia
74%
Indie
74%
Mołdawia
74%
Serbia
74%
Polska
71%
Arabia Saudyjska
67%
Czarnogóra
67%
Dania
67%
Islandia
67%
Izrael
67%
Kazachstan
64%
Gruzja
62%
Malta
60%
Armenia
57%
Macedonia
57%
Luksemburg
55%
Azerbejdżan
50%
Cypr
50%
Kosowo
48%
Uzbekistan
40%
Nie znaleziono quizów pasujących do podanych kryteriów
Rozkład punktacji
Procent ludzi z każdym wynikiem
Percentyl według liczby udzielonych odpowiedzi
Twoja historia wyników
Nie rozwiązałeś tego quizu